[Event "Velammal-AICF Women GM 2019"]
[Site "Chennai"]
[Date "2019.01.29"]
[Round "2"]
[White "Nakhbayeva, Guliskhan"]
[Black "Uuriintuya, Uurtsaikh"]
[Result "1-0"]
[WhiteElo "2336"]
[BlackElo "2314"]
[Annotator "TA"]
[PlyCount "86"]
[EventDate "2019.01.28"]
[EventType "swiss"]
[EventCountry "IND"]
[SourceTitle "playchess.com"]
[Source "ChessBase"]
[SourceQuality "1"]

{[%evp 20,86,56,34,53,39,46,31,106,102,86,58,60,64,50,35,24,-57,-54,-104,-88,-160,-139,-133,-145,-138,-160,-142,0,0,0,0,0,0,0,-202,-194,-201,-139,-130,-141,-125,-131,-175,-114,-121,-68,-64,96,96,110,109,100,107,92,101,93,91,90,0,47,8,8,8,17,13,48,54,45]} 1. d4 Nf6 2. c4 g6 3. Nc3 Bg7 4. e4 d6 5. Be2 O-O 6. Be3 c5 7. d5 e6 8. Nf3 {E73: King's Indian: Averbakh Variation without 6...c5} exd5 9. cxd5 Re8 10. Nd2 Na6 (10... c4 11. O-O Na6 12. Bf3 b6 13. Re1 Nc5 14. Bxc5 bxc5 15. e5 Rxe5 16. Rxe5 dxe5 17. Nxc4 {½-½ (23) Howell,D (2687)-Jones,G (2670) Hull 2018}) 11. O-O {LiveBook: 6 Games} Rb8 12. Qc2 $146 ({Predecessor:} 12. h3 h6 13. Bf4 Nc7 14. a4 Na6 15. Bf3 g5 16. Bg3 Nc7 {1-0 (36) Handler,L (2389)-Bauer,T (2171) Vienna 2018}) 12... Ng4 13. Bf4 Nb4 ({Better is} 13... Ne5 $14) 14. Qb3 $16 b5 15. Nxb5 Ne5 16. a3 ({Reject} 16. Nxa7 Bd7 $11) 16... Bd7 17. Bxe5 Bxe5 18. a4 ({White should try} 18. Nxa7 $11 Nc6 19. Nxc6 Rxb3 20. Nxd8 Rxb2 21. Nc6 Rxd2 22. Nxe5 Rxe5 23. Bf3) 18... a6 $15 19. Na3 Qf6 $40 {[%mdl 128] Black goes for the king.} 20. Nac4 {[#]} (20. Rad1 $142) 20... Nxd5 $1 $17 {[%mdl 512]} 21. Qf3 (21. exd5 Rxb3) 21... Nf4 $1 22. Nxe5 Rxe5 23. b3 {[#]} Bg4 (23... Bh3 $1 $17 {[%cal Rh3g2][%mdl 512]} 24. g3 (24. gxh3 $2 Rh5 $19) 24... Nxe2+ 25. Qxe2 Bxf1 26. Rxf1 d5) 24. Qxg4 $11 {Threatens to win with g3.} Rg5 25. Qf3 {Black must now prevent g3.} Rxg2+ 26. Kh1 Qh4 {[%csl Gg2][%cal Rh4h2]} 27. Qg3 $2 (27. h3 $1 $11) 27... Qh6 $19 ({And not} 27... Rxg3 28. fxg3 Qe7 29. Rxf4 $14) 28. Bc4 Rb7 29. Rad1 Rxg3 30. fxg3 Nh5 31. Rf3 {[#]} a5 (31... Kg7 $1 $19 32. Bxa6 Re7) 32. Nf1 {[#]} Kg7 ({Black should play} 32... Qg5 $1 $17 {And now ...Qe5 would win.} 33. Ne3 Nf6) 33. Ne3 $15 Nf6 $2 (33... Rd7 $15) 34. Rxd6 $16 Nxe4 {[#]} 35. Nf5+ $1 {[%mdl 512]} gxf5 36. Rxh6 Kxh6 37. Rxf5 {[%mdl 4096] Endgame KRB-KRN} Kg6 38. Re5 f5 39. g4 (39. Re6+ $16 Kg7 40. Bd5) 39... Nf2+ 40. Kg1 Nxg4 41. Rxc5 Rd7 42. Rxa5 {With the idea Rd5.} Rd1+ 43. Kg2 {Strongly threatening Kg3.} Ne3+ {Accuracy: White = 51%, Black = 43%.} 1-0

[Event "Velammal-AICF Women GM 2019"]
[Site "Chennai"]
[Date "2019.01.29"]
[Round "2"]
[White "Sapale Saloni"]
[Black "Michelle Catherina, P."]
[Result "0-1"]
[WhiteElo "2198"]
[BlackElo "2175"]
[Annotator "TA"]
[PlyCount "150"]
[EventDate "2019.01.28"]
[EventType "swiss"]
[EventCountry "IND"]
[SourceTitle "playchess.com"]
[Source "ChessBase"]
[SourceQuality "1"]

{[%evp 19,150,21,47,-9,-12,-29,-36,-41,-40,-46,-43,-37,-33,-40,-27,-32,-14,-18,-17,-25,-23,-19,-14,-37,-20,-35,-14,-48,-14,-19,0,-49,-47,-45,-47,-46,-51,-58,-59,-59,-57,-57,-57,-77,-70,-64,-63,-104,-91,-101,-93,-110,-18,-20,0,0,0,-26,-35,-14,-8,-8,-8,-8,-6,-6,-8,-41,-13,-41,-41,-41,-41,-41,-41,-41,-41,-59,-61,-62,-41,-64,-41,-41,-41,-41,0,-70,0,-65,-59,-285,-283,-266,-257,-352,-348,-340,-335,-300,-277,-277,-255,-244,-235,-227,-69,-154,-154,-154,-154,-154,-154,-154,-154,-154,-154,-172,-106,-29982,-219,-29983,0,-110,0,-29983,-29984,-29993,-29993,-29994,-29995,-29995,-29996]} 1. e4 e5 2. Nf3 Nc6 3. Bb5 a6 4. Ba4 Nf6 5. O-O b5 6. Bb3 Bb7 7. Re1 Bc5 8. c3 d6 9. d4 Bb6 10. a4 h6 {LiveBook: 105 Games} 11. Bc2 {C78: Ruy Lopez: Archangelsk and Möller Defences} (11. Be3 $14) (11. axb5 axb5 12. Rxa8 Qxa8 13. Na3 O-O 14. Nxb5 exd4 15. Nbxd4 Nxd4 16. Nxd4 Bxe4 17. f3 Bg6 18. Be3 Re8 19. Bf2 Rxe1+ 20. Qxe1 Nd7 21. Bc2 Bxd4 22. Bxg6 Bxf2+ 23. Kxf2 {0-1 (37) Hakobyan,A (2542)-Sethuraman,S (2657) Yerevan 2018}) 11... O-O $11 12. Be3 $146 ({Predecessor:} 12. Na3 exd4 13. cxd4 Nb4 14. Bb1 Re8 15. Qb3 c5 16. d5 c4 17. Qxb4 Ba5 18. Qxa5 Qxa5 {0-1 (64) Ruiz Castillo,J (2368)-Breckenridge,S (2312) chess.com INT 2018}) 12... exd4 13. Nxd4 {Black is slightly better.} Nxd4 14. Bxd4 c5 15. Bxf6 Qxf6 16. Nd2 Rfe8 17. Nf3 Bc6 18. Qd2 Ra7 19. axb5 axb5 20. Rxa7 Bxa7 21. Bb1 Bb6 22. h3 Bc7 23. Nh2 Qg6 24. Nf3 Qf6 ({But not} 24... Bxe4 25. Qd5 $1 $14 {[%mdl 512]}) 25. Nh2 {[#]} d5 $1 {[%mdl 512]} 26. exd5 Rxe1+ 27. Qxe1 {aiming for Ng4.} Qd6 $36 {[%mdl 2048] Black has the initiative.} 28. dxc6 Qxh2+ 29. Kf1 {[%cal Re1e8]} Qh1+ 30. Ke2 Qxg2 31. Kd1 {[%cal Re1e8]} Qd5+ 32. Qd2 Qxc6 33. Qd3 g6 34. Ke2 Qh1 35. Bc2 c4 (35... Qc1 $17 36. b4 cxb4 37. cxb4 Qb2) 36. Qe3 Kg7 37. Qd4+ Kg8 38. Qe3 Qd5 39. Qxh6 {[#]} b4 $1 {[%mdl 512]} 40. Qe3 (40. cxb4 Qe5+) 40... bxc3 41. bxc3 Be5 42. Be4 Qb5 43. Bc2 Bf6 44. f3 Qb2 45. Kd2 Kg7 46. f4 Qa1 47. f5 g5 48. Qg3 Qh1 49. Qe3 Kh6 50. Qg3 Qf1 {Hoping for ...g4!} 51. Qe3 Kg7 52. Qg3 Qh1 53. Qe3 $1 Kh6 54. Qg3 Qd5+ 55. Kc1 $2 (55. Ke2 $1 $15) 55... Be5 $1 $19 {[%cal Re5g3]} 56. Qe1 Qa5 $1 {...Qa1+ is the strong threat.} 57. Kb2 {White hopes to continue with h4.} Qb4+ 58. Kc1 Bxc3 59. Qg3 Qb2+ 60. Kd1 Be5 61. Qf3 Bf4 62. Qc6+ Kg7 $2 {[#]} ({Black should play} 62... f6 $19 63. Qe4 Qc3) 63. Qxc4 (63. f6+ $1 $15 {[%mdl 512]} Qxf6 64. Qxf6+ Kxf6 65. Bh7) 63... Qc1+ $17 64. Ke2 Qe3+ {[%mdl 64] Double Attack} 65. Kf1 Qxh3+ 66. Ke1 Qg3+ 67. Kf1 Qf3+ 68. Ke1 Qe3+ (68... Be3 $19 {( -> ...Qf2+)} 69. Qe2 Qg3+ 70. Kd1 g4) 69. Qe2 $2 {[%mdl 8192]} (69. Kf1 $17) 69... Qg1+ 70. Qf1 {[#]} Qe3+ $2 (70... Bd2+ $1 {[%mdl 512] mates} 71. Kxd2 Qxf1 72. Be4 g4 73. Kc3 g3 74. Kd2 Qf4+ 75. Kd3 Kf6 76. Bg2 Kxf5 77. Bb7 Qd6+ 78. Ke2 Qe7+ 79. Kf3 Qxb7+ 80. Kxg3 Qb3+ 81. Kh2 Kf4 82. Kg2 Qc2+ 83. Kg1 Kg3 84. Kh1 Qh2#) 71. Qe2 Qg1+ $2 {[%mdl 8192]} (71... Qg3+ $17 72. Qf2 Qa3 73. Qd4+ f6) 72. Qf1 {[#]} Bd2+ $1 {[%mdl 512] Black mates.} 73. Ke2 (73. Kxd2 Qxf1) 73... Qe3+ 74. Kd1 Bc3 {[%csl Gc3][%cal Re3d2]} 75. f6+ Kf8 {Accuracy: White = 48%, Black = 58%.} 0-1

[Event "Velammal-AICF Women GM 2019"]
[Site "Chennai"]
[Date "2019.01.29"]
[Round "2"]
[White "Varshini, V."]
[Black "Aakanksha Hagawane"]
[Result "1-0"]
[WhiteElo "2171"]
[BlackElo "2259"]
[Annotator "TA"]
[PlyCount "95"]
[EventDate "2019.01.28"]
[EventType "swiss"]
[EventCountry "IND"]
[SourceTitle "playchess.com"]
[Source "ChessBase"]
[SourceQuality "1"]

{[%evp 14,95,20,20,19,20,21,0,0,0,0,0,0,0,0,0,-1,-7,-12,-6,0,0,34,24,52,9,18,-3,-3,0,-11,0,0,0,0,0,0,-35,0,0,0,0,60,14,35,24,35,15,35,7,21,23,15,19,78,6,107,108,113,121,280,99,430,-241,356,371,523,490,619,603,618,561,696,671,764,618,618,577,576,556,552,533,29992,29993]} 1. e4 e6 2. d4 d5 3. Nd2 {[%cal Bb1d2,Bd2f3,Bf3e5][%mdl 32]} c5 4. exd5 exd5 5. Ngf3 Nc6 6. Bb5 cxd4 7. Nxd4 Bd7 8. N2f3 Nf6 {[%cal Bg8f6,Bf6d7,Bd7e5,Be5c4][%mdl 32] C09: French Tarrasch: 3...c5 4 exd5 exd5 5 Ngf3 Nc6} 9. O-O Be7 10. Bxc6 (10. Re1 O-O 11. Bg5 Re8 12. Bxc6 bxc6 13. Ne5 Qc7 14. Qf3 Bd8 15. Qf4 c5 16. Nxd7 Qxd7 {½-½ (40) Rublevsky,S (2665)-Zvjaginsev,V (2625) Sochi 2018}) 10... bxc6 {The position is equal.} 11. Ne5 Rc8 12. Qf3 O-O 13. Nxd7 $146 ({Predecessor:} 13. Bg5 Ne4 14. Bxe7 Qxe7 15. Nxd7 Qxd7 16. Rad1 Rfe8 17. Qf4 Nd6 18. Rfe1 Re7 19. Rxe7 Qxe7 20. g3 g6 21. Kg2 Qe4+ {½-½ (21) Horvath,T (2410)-Burmakin,V (2330) Zalakaros 1992}) 13... Nxd7 14. Nf5 Bf6 15. c3 Ne5 16. Qh3 Nc4 17. Re1 Kh8 18. Bf4 Nxb2 19. Nd6 {[#] Strongly threatening Rab1.} Ra8 20. Re8 Qc7 21. Nc8 {[%cal Re8f8]} Rxe8 22. Bxc7 {Nd6 is the strong threat.} Raxc8 23. Bf4 Re6 24. Qf3 Rce8 {( -> ...Re1+)} (24... Na4 {looks sharper.} 25. Bd2 Kg8 26. h4 Rce8 27. Rc1 Bxh4 28. Qf4 Re4) 25. h3 (25. g3 {keeps more tension.} Kg8 26. h4 Nc4 27. Rb1 Be7 28. Rb7) 25... Na4 26. Rc1 Re4 27. g3 Re2 (27... Kg8 $11) 28. a3 {[%mdl 1024] White has compensation.} R2e4 29. h4 Kg8 30. Bg5 Be5 31. Bd2 Bd6 32. Rb1 Nb6 33. Be3 c5 (33... Bxa3 $11 34. Bxb6 axb6) 34. a4 ({White should try} 34. Kg2 $16) 34... h6 (34... Rxa4 $11 35. Rb5 Rc8) 35. a5 $16 Nc4 36. Rb7 Ne5 $2 (36... R8e7 $16 {might work better.} 37. Rxe7 Bxe7) 37. Qh5 $2 (37. Qd1 d4 $16) (37. Qf5 $18 {and the rest is easy.}) 37... Re6 $2 {[%mdl 8192]} (37... g6 $16 {is a better chance.} 38. Qd1 (38. Qxh6 $2 Bf8 $19) 38... d4 39. cxd4 cxd4) 38. Bf4 $4 {[%mdl 8192] [#]} (38. Rxa7 $18 {was the only winning move.} Re8 39. Kg2) 38... Rf6 $4 {[%mdl 8192]} (38... g6 $1 $19 {[%cal Rg6h5] and life is good for Black.} 39. Qxh6 Bf8) 39. Rxa7 $18 d4 (39... c4 $142 40. Ra6 Re1+ 41. Kg2 Bf8) 40. cxd4 cxd4 41. Bxe5 Rxe5 42. Qd1 Bc5 43. Ra8+ Kh7 44. Qd3+ g6 45. a6 Re1+ 46. Kg2 Ra1 47. Qc4 Bb6 {intending ...d3.} 48. Qc8 {Accuracy: White = 46%, Black = 28%.} 1-0

[Event "Velammal-AICF Women GM 2019"]
[Site "Chennai"]
[Date "2019.01.29"]
[Round "2"]
[White "Franco Valencia, Angela"]
[Black "Babiy, Olga"]
[Result "0-1"]
[WhiteElo "2107"]
[BlackElo "2275"]
[Annotator "TA"]
[PlyCount "76"]
[EventDate "2019.01.28"]
[EventType "swiss"]
[EventCountry "IND"]
[SourceTitle "playchess.com"]
[Source "ChessBase"]
[SourceQuality "1"]

{[%evp 14,76,54,10,45,12,19,0,24,20,21,16,41,27,41,-43,7,0,0,0,0,0,0,-16,-16,-21,-27,-19,-20,-43,-27,-74,-6,-6,-8,-5,-5,-9,-9,-53,-57,-156,-127,-200,-198,-191,-179,-182,-152,-255,-236,-716,-352,-313,-315,-1581,-1312,-1256,-1471,-29971,-29972,-29976,-29977,-6179,-6179]} 1. e4 c5 2. Nf3 e6 3. d4 cxd4 4. Nxd4 Nc6 5. Nc3 Qc7 6. g3 a6 7. Bg2 h5 8. Nxc6 {LiveBook: 4 Games. B47: Sicilian: Taimanov: 5 Nc3 Qc7 6 f4, 6 g3 and 6 Be2} (8. Bg5 h4 9. gxh4 Nge7 10. Nxc6 bxc6 11. Qd3 Ng6 12. O-O-O f6 13. Bd2 Kf7 14. Rhg1 Rxh4 15. Bf1 Qxh2 {0-1 (34) Kraemer,M (2575)-Jakovenko,D (2710) Germany 2018}) 8... dxc6 9. Qe2 $146 ({Predecessor:} 9. h4 Nf6 10. Bg5 Be7 11. Qe2 e5 12. O-O Be6 13. a4 a5 14. Nd1 g6 15. Ne3 O-O {0-1 (32) McKenna,J (2102)-Zhou,Y (2419) London 2012}) 9... e5 10. Be3 {The position is equal.} Be6 11. f4 b5 12. fxe5 Bb4 13. O-O {Threatens to win with Nd5.} Ne7 14. Rfd1 (14. Qf2 $14) 14... Bg4 15. Bf3 Bxf3 16. Qxf3 Qxe5 17. Bf4 Qe6 18. a4 {next axb5 is good for White.} O-O 19. Qxh5 Bxc3 20. bxc3 Qxe4 {[%mdl 64] Double Attack} 21. Bd6 {Hoping for Qc5.} Qe3+ 22. Kh1 {[#] Strongly threatening Re1.} Qe6 (22... Rfe8 $1 $17) 23. Qc5 $1 $11 Rfe8 {aiming for ...Nd5.} 24. axb5 cxb5 {Threatening ...Nf5.} 25. Re1 $132 {[%mdl 2048] White is not keeping still} Qd5+ 26. Kg1 Rec8 27. Qa3 ({Better is} 27. Qd4 $15 Qxd4+ 28. cxd4) 27... Nf5 $17 28. Re5 (28. Rad1 $17 {was worth a try.} Qc6 29. Re5) 28... Qxd6 $19 29. Rxf5 Qb6+ 30. Rf2 Rc5 31. Kg2 (31. Qa5 $17 Qxa5 32. Rxa5) 31... Qc6+ 32. Rf3 $2 {[#]} (32. Kg1) 32... Rd8 (32... Re8 $142 {( -> ...Re2+)} 33. Kg1 Re2) 33. Raf1 Rf5 ({Much less strong is} 33... Rd2+ 34. R1f2 $19) 34. Qc1 $2 (34. c4) 34... Rd6 35. Qe3 Rdf6 36. c4 bxc4 37. g4 Rxf3 38. Rxf3 a5 {Accuracy: White = 33%, Black = 65%.} 0-1

[Event "Velammal-AICF Women GM 2019"]
[Site "Chennai"]
[Date "2019.01.29"]
[Round "3"]
[White "Uuriintuya, Uurtsaikh"]
[Black "Osmak, Iulija"]
[Result "1/2-1/2"]
[WhiteElo "2314"]
[BlackElo "2394"]
[Annotator "NA"]
[PlyCount "144"]
[EventDate "2019.01.28"]
[EventType "swiss"]
[EventCountry "IND"]
[SourceTitle "playchess.com"]
[Source "ChessBase"]
[SourceQuality "1"]
[TimeControl "5400+30"]

1. e4 {[%emt 0:00:00]} e5 {[%emt 0:00:00]} 2. Nf3 {[%emt 0:00:00]} Nc6 {[%emt 0:00:00]} 3. Bb5 {[%emt 0:00:00]} a6 {[%emt 0:00:00]} 4. Ba4 {[%emt 0:00:00]} Nf6 {[%emt 0:00:00]} 5. d3 {[%emt 0:00:02]} Bc5 {[%emt 0:00:35]} 6. O-O {[%emt 0:00:22]} d6 {[%emt 0:02:25]} 7. c3 {[%emt 0:00:07]} Ba7 {[%emt 0:00:34] C78: Ruy Lopez: Archangelsk and Möller Defences} 8. Re1 {[%emt 0:02:23]} O-O {[%emt 0:00:14]} 9. Nbd2 {[%emt 0:00:24]} Ne7 {[%emt 0:00:32]} 10. Nf1 {[%emt 0:01:28]} Ng6 {[%emt 0:00:12]} 11. Ng3 {[%emt 0:01:09]} c6 {[%emt 0:10:55]} 12. h3 {[%emt 0:04:39] LiveBook: 13 Games} Re8 {[%emt 0:04:26]} 13. d4 {[%emt 0:05:50]} h6 {[%emt 0:03:01]} 14. Bc2 {[%emt 0:00:42] [#]} Qb6 $146 {[%emt 0:02:38]} ({Predecessor:} 14... Qc7 15. Be3 Bd7 16. Qd2 c5 17. Rad1 cxd4 18. cxd4 Rac8 19. Bb1 {0-1 (58) Alekseev,E (2616)-Sjugirov,S (2650) Riadh 2017}) 15. a4 {[%emt 0:10:41]} a5 {[%emt 0:06:08]} 16. Be3 {[%emt 0:00:48]} Qc7 {[%emt 0:03:04]} ({But not} 16... Qxb2 $6 17. Qd2 $16) 17. Qd2 {[%emt 0:04:22]} Be6 {[%emt 0:01:08]} 18. Nf5 {[%emt 0:08:55]} Bxf5 {[%emt 0:06:47]} 19. exf5 {[%emt 0:00:13]} e4 {[%emt 0:15:27]} 20. fxg6 {[%emt 0:01:10]} exf3 {[%emt 0:00:08]} 21. g3 {[%emt 0:02:36]} Qd7 {[%emt 0:08:42]} 22. Kh2 {[%emt 0:02:21]} Ne4 {[%emt 0:04:16]} 23. Bxe4 {[%emt 0:11:52]} Rxe4 {[%emt 0:00:20] [#]} 24. Bxh6 $1 {[%emt 0:03:36]} Rxe1 {[%emt 0:08:47]} 25. Rxe1 {[%emt 0:00:03]} fxg6 {[%emt 0:08:22]} 26. Bf4 {[%emt 0:02:33]} Rf8 {[%emt 0:04:04]} 27. Qe3 {[%emt 0:00:33]} Bb8 {[%emt 0:02:22]} 28. h4 {[%emt 0:02:12]} Bc7 {[%emt 0:04:48]} 29. Qe6+ {[%emt 0:05:37]} Qxe6 {[%emt 0:01:11]} 30. Rxe6 {[%emt 0:00:06]} Rf6 {[%emt 0:00:45]} 31. Re8+ {[%emt 0:01:26]} Rf8 {[%emt 0:00:54]} 32. Rxf8+ {[%emt 0:06:08]} Kxf8 {[%emt 0:00:03]} 33. g4 {[%emt 0:00:23]} Kf7 {[%emt 0:00:42]} 34. Kg3 {[%emt 0:00:08]} Ke6 {[%emt 0:00:18]} 35. c4 {[%emt 0:02:18]} Bd8 {[%emt 0:01:07]} 36. b3 {[%emt 0:01:32]} Bf6 {[%emt 0:00:59]} 37. Bd2 {[%emt 0:05:44]} Bxd4 {[%emt 0:01:27]} 38. Bxa5 {[%emt 0:00:12]} Bf6 {[%emt 0:00:10]} 39. Bd2 {[%emt 0:02:06]} ({Don't take} 39. Kxf3 $6 Bxh4 40. Ke3 d5 $11) 39... d5 $16 {[%emt 0:00:27]} 40. h5 {[%emt 0:01:25]} gxh5 {[%emt 0:00:26]} 41. gxh5 {[%emt 0:00:05]} dxc4 {[%emt 0:01:29]} 42. bxc4 {[%emt 0:00:42]} Kf5 {[%emt 0:00:33]} 43. Kxf3 {[%emt 0:00:49]} Bb2 {[%emt 0:00:22]} 44. Be3 {[%emt 0:00:30]} Bf6 {[%emt 0:00:30]} 45. Ke2 {[%emt 0:00:30]} Kg4 {[%emt 0:00:30]} 46. h6 {[%emt 0:00:30]} gxh6 {[%emt 0:00:30]} 47. Bxh6 {[%emt 0:00:30]} Be5 {[%emt 0:00:30]} 48. Be3 {[%emt 0:02:58]} Bf6 {[%emt 0:00:19]} 49. Kd3 {[%emt 0:01:03]} Kf3 {[%emt 0:00:49]} 50. Kc2 {[%emt 0:04:04]} Bh4 {[%emt 0:00:30]} 51. Kb3 {[%emt 0:01:00]} Be7 {[%emt 0:00:23]} 52. Kc3 {[%emt 0:02:10]} Ke4 {[%emt 0:00:04]} 53. Bd4 {[%emt 0:00:17]} Bd8 {[%emt 0:00:33]} 54. Bc5 {[%emt 0:00:36]} Ba5+ {[%emt 0:00:28]} 55. Kc2 {[%emt 0:00:31]} Bd8 {[%emt 0:00:26]} 56. Kd2 {[%emt 0:00:35]} Kf3 {[%emt 0:00:11]} 57. Kd3 {[%emt 0:00:16]} Bf6 {[%emt 0:00:37]} 58. Bb6 {[%emt 0:00:24]} Bh4 {[%emt 0:00:18]} 59. Kc3 {[%emt 0:00:14]} Bf6+ {[%emt 0:01:32]} 60. Kb3 {[%emt 0:01:23]} Be7 {[%emt 0:00:17]} 61. a5 {[%emt 0:01:04]} Ke4 {[%emt 0:00:18]} 62. Kc3 {[%emt 0:00:11]} Bf6+ {[%emt 0:00:27]} 63. Kb4 {[%emt 0:00:06]} Be7+ {[%emt 0:00:12]} 64. Bc5 {[%emt 0:00:11]} Bg5 {[%emt 0:00:31]} 65. Bb6 {[%emt 0:01:21]} Be7+ {[%emt 0:00:03]} 66. Kb3 {[%emt 0:00:53]} Bf6 {[%emt 0:00:15]} 67. Bc5 {[%emt 0:00:43]} Bg5 {[%emt 0:00:32]} 68. Kb4 {[%emt 0:01:14]} Bd2+ {[%emt 0:00:18]} 69. Ka4 {[%emt 0:00:06]} Be1 {[%emt 0:00:53]} 70. Bb6 {[%emt 0:00:20]} Bd2 {[%emt 0:00:19]} 71. Ka3 {[%emt 0:01:07]} Bg5 {[%emt 0:00:26]} 72. Kb4 {[%emt 0:00:34]} Ke5 1/2-1/2

[Event "Velammal-AICF Women GM 2019"]
[Site "Chennai"]
[Date "2019.01.29"]
[Round "3"]
[White "Babiy, Olga"]
[Black "Nakhbayeva, Guliskhan"]
[Result "1-0"]
[WhiteElo "2275"]
[BlackElo "2336"]
[Annotator "NA"]
[PlyCount "84"]
[EventDate "2019.01.28"]
[EventType "swiss"]
[EventCountry "IND"]
[SourceTitle "playchess.com"]
[Source "ChessBase"]
[SourceQuality "1"]
[TimeControl "5400+30"]

1. e4 {[%emt 0:00:00]} e6 {[%emt 0:00:00]} 2. d4 {[%emt 0:00:00]} d5 {[%emt 0:00:00]} 3. Nc3 {[%emt 0:00:00]} Bb4 {[%emt 0:00:00]} 4. e5 {[%emt 0:00:00]} c5 {[%emt 0:00:00]} 5. a3 {[%emt 0:00:12]} Ba5 {[%emt 0:00:13]} 6. b4 {[%emt 0:00:32]} cxd4 {[%emt 0:00:05]} 7. Nb5 {[%emt 0:00:25]} Bc7 {[%emt 0:00:05]} 8. f4 {[%emt 0:00:37]} Bd7 {[%emt 0:00:09]} 9. Nxc7+ {[%emt 0:02:21]} Qxc7 {[%emt 0:00:06]} 10. Nf3 {[%emt 0:00:07] C18: French: 3 Nc3 Bb4: Main line: 7 h4 and 7 Qg4} Ba4 {[%emt 0:00:19]} 11. Bd3 {[%emt 0:00:27]} Ne7 {[%emt 0:00:05]} 12. O-O {[%emt 0:00:53]} Qb6 {[%emt 0:02:34]} 13. Kh1 {[%emt 0:01:09]} Bb5 {[%emt 0:01:47]} 14. Nxd4 {[%emt 0:00:27]} Bxd3 {[%emt 0:00:27]} 15. Qxd3 {[%emt 0:00:07]} Nbc6 {[%emt 0:01:39] [#]} 16. Nb5 $146 {[%emt 0:01:02]} ({Predecessor:} 16. Nf3 a6 17. Be3 Qb5 {½-½ (40) Vidit,S (2715)-Vitiugov,N (2730) Linares 2018}) 16... O-O {[%emt 0:01:12]} 17. Be3 {[%emt 0:02:50]} Qd8 {[%emt 0:06:18]} 18. Nd6 {[%emt 0:06:39]} b6 {[%emt 0:11:52]} 19. c4 {[%emt 0:02:31]} f6 {[%emt 0:02:26]} 20. exf6 {[%emt 0:17:00]} Rxf6 {[%emt 0:05:27]} 21. Nb5 {[%emt 0:08:36]} (21. c5 $16) 21... a6 {[%emt 0:02:57]} (21... dxc4 $11 22. Qxc4 Nd5) 22. Nd4 {[%emt 0:02:41]} dxc4 {[%emt 0:10:31]} 23. Qxc4 {[%emt 0:01:20] Double Attack} b5 {[%emt 0:05:39]} 24. Nxc6 {[%emt 0:11:23]} bxc4 {[%emt 0:00:06]} 25. Nxd8 {[%emt 0:00:04]} Rxd8 {[%emt 0:00:03]} 26. Bc5 {[%emt 0:00:18]} Nd5 {[%emt 0:14:39]} 27. g3 {[%emt 0:01:04]} Nc3 $2 {[%emt 0:00:29]} (27... c3 $11 {and Black has nothing to worry.}) 28. Be7 {[%emt 0:03:53]} Rd3 {[%emt 0:04:09]} (28... Rc8 $142) 29. Bxf6 {[%emt 0:01:17]} gxf6 {[%emt 0:00:02]} 30. Rac1 $18 {[%emt 0:04:27]} Kf7 {[%emt 0:06:59]} 31. Rfe1 {[%emt 0:04:39]} Ke7 {[%emt 0:01:02]} 32. Rc2 {[%emt 0:00:15]} h5 {[%emt 0:13:08]} 33. Rec1 {[%emt 0:05:44]} Nd5 {[%emt 0:00:50]} 34. Rxc4 {[%emt 0:00:08]} Rxa3 {[%emt 0:00:03]} 35. f5 {[%emt 0:00:59]} e5 {[%emt 0:04:04]} 36. Rc6 {[%emt 0:00:49]} Kf7 {[%emt 0:06:01]} 37. Rd6 {[%emt 0:05:43]} Ne3 {[%emt 0:00:11]} 38. Rd7+ {[%emt 0:00:23]} Ke8 {[%emt 0:00:07]} 39. Ra7 {[%emt 0:00:42]} Kd8 {[%emt 0:01:45]} 40. b5 {[%emt 0:00:12]} Ra4 {[%emt 0:01:58]} 41. b6 {[%emt 0:00:47]} Nc4 {[%emt 0:00:20]} 42. Ra8+ {[%emt 0:00:37]} Ke7 1-0